Un gato es un haiku = : A cat Is a haiku (versión bilingüe) /

Uloženo v:
Podrobná bibliografie
Hlavní autor: Ardalani, Elvia (autor.)
Médium: E-kniha
Jazyk:španělština
Vydáno: Ciudad de México : Editorial Miguel Angel Porrúa, 2025.
Edice:Pirul varia literaria, El.
Témata:
On-line přístup:https://elibro.unach.elogim.com/es/lc/unach/titulos/292829
Tagy: Přidat tag
Žádné tagy, Buďte první, kdo vytvoří štítek k tomuto záznamu!

MARC

LEADER 00000nam a2200000 i 4500
001 ELB292829
003 FINmELB
005 20260222103731.0
006 m o u
007 cr cn|||||||||
008 260222s2025 mx o 000 1 spa d
020 |a 9786078859962  |q (e-book) 
035 |a (OCoLC)1574227361 
040 |a FINmELB  |b spa  |e rda  |c FINmELB 
050 1 4 |a PQ7251  |b A676 2025 
080 |a 821.134.2(72)-1 
082 0 4 |a 861  |2 23 
100 1 |a Ardalani, Elvia,  |e autor. 
245 1 0 |a Un gato es un haiku = :  |b A cat Is a haiku (versión bilingüe) /  |c Elvia Ardalani. 
264 1 |a Ciudad de México :  |b Editorial Miguel Angel Porrúa,  |c 2025. 
300 |a 1 recurso en línea (44 páginas) 
336 |a texto  |b txt  |2 rdamedia/spa 
337 |a computadora  |b c  |2 rdamedia/spa 
338 |a recurso en línea  |b cr  |2 rdacarrier/spa 
490 1 |a El Pirul varia literaria 
588 |a Descripción basada en metadatos suministrados por el editor y otras fuentes. 
590 |a Recurso electrónico. Santa Fe, Arg.: elibro, 2026. Disponible vía World Wide Web. El acceso puede estar limitado para las bibliotecas afiliadas a elibro. 
650 4 |a Poesía mexicana. 
655 4 |a Libros electrónicos. 
797 2 |a elibro, Corp. 
830 0 |a Pirul varia literaria, El. 
856 4 0 |u https://elibro.unach.elogim.com/es/lc/unach/titulos/292829